000 00753pam a2200265 i 4500
001 848571
003 OSt
005 20240911111400.0
008 781103s1979 nyuaf 001 0 eng
010 _a 78025855
020 _a047104895X
040 _aMUST
_cDDC
082 0 0 _a068.92 CLO 1972
100 1 _aClough, Richard H.
_919114
245 1 0 _aConstruction project management /
_cRichard H. Clough, Glenn A. Sears.
250 _a2d ed.
260 _aNew York :
_bWiley,
_cc1979.
300 _ax, 341p.,
_bill.;
_c24cm.
500 _a"
504 _aIncludes index.
650 0 _aConstruction industry
_xManagement.
_919116
650 0 _aProject management.
_95305
700 1 _aSears, Glenn A.,
_ejoint author.
_919118
942 _2ddc
_cO_SHELF
999 _c9365
_d9365